Viacrozmerná analýza vybraných ukazovateľov o inováciách v krajinách Európskej únie

Skúmanie a hodnotenie vybraných európskych krajín na základe časti ukazovateľov stratégie pre udržateľný rozvoj. Inovácie, konkurencieschopnosť a ekologická efektivita v rámci sociálno-ekonomického rozvoja. Hospodársky rast a zachovanie trvalo udržateľného rozvoja.

Gespeichert in:
Bibliographische Detailangaben
1. Verfasser: Stankovičová, Iveta
Weitere Verfasser: Lacková, Jana
Format: Buchkapitel
Sprache:Slowakisch
Schlagworte:
Tags: Tag hinzufügen
Keine Tags, Fügen Sie das erste Tag hinzu!

MARC

LEADER 00000naa a2200000 4500
001 0123524
005 20220715094011.4
041 0 |a slo 
044 |a SK 
245 1 0 |a Viacrozmerná analýza vybraných ukazovateľov o inováciách v krajinách Európskej únie  |c Iveta Stankovičová, Jana Lacková 
520 |a Skúmanie a hodnotenie vybraných európskych krajín na základe časti ukazovateľov stratégie pre udržateľný rozvoj. Inovácie, konkurencieschopnosť a ekologická efektivita v rámci sociálno-ekonomického rozvoja. Hospodársky rast a zachovanie trvalo udržateľného rozvoja. 
610 2 0 |a Európska únia 
610 2 0 |a stratégia hospodárska 
610 2 0 |a rozvoj trvalo udržateľný 
610 2 0 |a rozvoj sociálno-ekonomický 
610 2 0 |a inovácia 
610 2 0 |a konkurencieschopnosť 
610 2 0 |a analýza faktorová 
610 2 0 |a analýza zhluková 
100 1 |a Stankovičová, Iveta 
700 1 |a Lacková, Jana